[Event "FRA-chT GpA (Women)"]
[Site "Montpellier"]
[Date "2015.05.07"]
[Round "1.2"]
[White "Pigeat, Typhaine"]
[Black "Thuret, Marine"]
[Result "0-1"]
[WhiteElo "1422"]
[BlackElo "1925"]
[PlyCount "68"]
[EventDate "2015.05.07"]
[EventType "team-tourn"]
[EventRounds "7"]
[EventCountry "FRA"]
[SourceTitle "CBM 166 Extra"]
[Source "ChessBase"]
[SourceDate "2015.06.18"]
[SourceVersion "1"]
[SourceVersionDate "2015.06.18"]
[SourceQuality "1"]
[WhiteTeam "Bonnencontre (W)"]
[BlackTeam "Montpellier (W)"]
[WhiteTeamCountry "FRA"]
[BlackTeamCountry "FRA"]

1. e4 c5 2. Nf3 d6 3. c3 Nf6 4. Qc2 Qc7 5. Be2 g6 6. 0-0 Bg7 7. b3 0-0 8. Bb2 Nbd7 9. a4 b6 10. Na3 a6 11. Bd1 Bb7 12. d3 d5 13. exd5 Nxd5 14. Re1 e5 15. Nc4 Rfe8 16. Qd2 b5 17. axb5 axb5 18. Ne3 Nf4 19. Be2 Rad8 20. Red1 e4 21. dxe4 Ne5 22. Nd5 Nxd5 23. exd5 Bxd5 24. Qc2 Nxf3+ 25. Bxf3 Bxf3 26. gxf3 Qf4 27. Rxd8 Rxd8 28. Qe4 Qg5+ 29. Kh1 b4 30. Rg1 Qd2 31. cxb4 Qxb2 32. bxc5 Qxb3 33. c6 Qb6 34. Kg2 Rd2 0-1

[Event "FRA-chT Top 12 (Women)"]
[Site "Mulhouse"]
[Date "2014.05.09"]
[Round "1.4"]
[White "Olguin, Monica"]
[Black "Thuret, Marine"]
[Result "0-1"]
[WhiteElo "1747"]
[BlackElo "1912"]
[PlyCount "69"]
[EventDate "2014.05.09"]
[EventType "team-tourn"]
[EventRounds "5"]
[EventCountry "FRA"]
[SourceTitle "CBM 160 Extra"]
[Source "ChessBase"]
[SourceDate "2014.07.01"]
[SourceVersion "1"]
[SourceVersionDate "2014.07.01"]
[SourceQuality "1"]
[WhiteTeam "Strasbourg (W)"]
[BlackTeam "Montpellier (W)"]
[WhiteTeamCountry "FRA"]
[BlackTeamCountry "FRA"]

1. e4 c5 2. Nf3 d6 3. d4 cxd4 4. Nxd4 Nf6 5. Nc3 g6 6. Be3 Bg7 7. Be2 Nc6 8. Qd2 Bd7 9. f3 0-0 10. 0-0 a6 11. a3 b5 12. Rad1 Ne5 13. Kh1 Nc4 14. Bxc4 bxc4 15. b4 cxb3 16. cxb3 a5 17. Rb1 Ra6 18. Rfc1 Ne8 19. Nd5 e6 20. Qd3 Ra8 21. Nc3 Nc7 22. Nde2 Ra6 23. Rc2 Qb8 24. Nd4 Rc8 25. Rcc1 Qb7 26. Na4 Bxd4 27. Bxd4 Bb5 28. Qc3 e5 29. Be3 Bd7 30. Qd3 Nb5 31. Rxc8+ Bxc8 32. Ra1 Rc6 33. h3 Be6 34. Bd2 Nd4 35. Bxa5 0-1

[Event "FRA-chT Top 12 final (Women)"]
[Site "Chalons en Champagne"]
[Date "2013.06.22"]
[Round "1"]
[White "Thuret, Marine"]
[Black "Steil Antoni, Fiona"]
[Result "0-1"]
[WhiteElo "1918"]
[BlackElo "2181"]
[PlyCount "56"]
[EventDate "2013.06.22"]
[EventType "team-tourn"]
[EventRounds "2"]
[EventCountry "FRA"]
[SourceTitle "CBM 155 Extra"]
[Source "ChessBase"]
[SourceDate "2013.08.26"]
[SourceVersion "1"]
[SourceVersionDate "2013.08.26"]
[SourceQuality "1"]
[WhiteTeam "Montpellier (W)"]
[BlackTeam "Vandoeuvre (W)"]
[WhiteTeamCountry "FRA"]
[BlackTeamCountry "FRA"]

1. e4 e5 2. Nc3 Nf6 3. g3 Bc5 4. Bg2 d6 5. Nge2 Nc6 6. Na4 0-0 7. Nxc5 dxc5 8. 0-0 Be6 9. Kh1 Qd7 10. f4 Bh3 11. d3 Bxg2+ 12. Kxg2 Rfe8 13. Nc3 a6 14. f5 Qd6 15. g4 b5 16. g5 Nd7 17. Nd5 Nb6 18. Nxb6 cxb6 19. Rf3 g6 20. Rh3 gxf5 21. exf5 Qd5+ 22. Kg1 e4 23. f6 exd3 24. Rxd3 Qe4 25. Bd2 Nd4 26. Be3 Nf3+ 27. Kf2 Ne5 28. Qd2 Qf3+ 0-1

[Event "FRA-ch U20"]
[Site "Saint Paul Trois Chateaux"]
[Date "2013.04.28"]
[Round "1"]
[White "Thuret, Marine"]
[Black "Duboue, Peio"]
[Result "0-1"]
[WhiteElo "1895"]
[BlackElo "2257"]
[PlyCount "72"]
[EventDate "2013.04.28"]
[EventType "swiss"]
[EventRounds "9"]
[EventCountry "FRA"]
[SourceTitle "CBM 154 Extra"]
[Source "ChessBase"]
[SourceDate "2013.06.25"]
[SourceVersion "2"]
[SourceVersionDate "2013.06.25"]
[SourceQuality "1"]

1. e4 e5 2. Nc3 Nf6 3. g3 Bc5 4. Bg2 d6 5. Nge2 Nc6 6. 0-0 Bg4 7. h3 Bh5 8. d3 a6 9. g4 Bxg4 10. hxg4 Nxg4 11. Bh3 Nxf2 12. Rxf2 Qh4 13. Qf1 Bxf2+ 14. Qxf2 Qxh3 15. Nd5 0-0-0 16. Be3 Qg4+ 17. Kh1 Qh3+ 18. Kg1 Rdf8 19. Qf5+ Qxf5 20. exf5 f6 21. Rf1 Kd7 22. c4 Ne7 23. Nxe7 Kxe7 24. c5 g6 25. Ng3 d5 26. d4 Rhg8 27. Kh2 Kd7 28. Kh3 Kc6 29. Bh6 Re8 30. Be3 Rgf8 31. dxe5 fxe5 32. f6 Re6 33. Bg5 h6 34. Bxh6 Rfxf6 35. Be3 Rxf1 36. Nxf1 d4 0-1

[Event "FRA-chB (Women)"]
[Site "Caen"]
[Date "2011.08.26"]
[Round "10"]
[White "Benard, Anne Laurie"]
[Black "Thuret, Marine"]
[Result "1/2-1/2"]
[WhiteElo "1952"]
[BlackElo "1910"]
[PlyCount "30"]
[EventDate "2011.08.16"]
[EventType "tourn"]
[EventRounds "10"]
[EventCountry "FRA"]
[SourceTitle "CBM 144 Extra"]
[Source "ChessBase"]
[SourceDate "2011.10.28"]
[SourceVersion "1"]
[SourceVersionDate "2011.10.28"]
[SourceQuality "1"]

1. e4 d5 2. exd5 Qxd5 3. Nc3 Qa5 4. d4 Nf6 5. Bc4 c6 6. Nf3 e6 7. Bd2 Qc7 8. Qe2 Be7 9. 0-0 0-0 10. Rfe1 Re8 11. Bg5 b5 12. Bd3 Nbd7 13. Ne5 h6 14. Nxd7 Bxd7 15. Bh4 Qf4 1/2-1/2

[Event "FRA-chB (Women)"]
[Site "Caen"]
[Date "2011.08.23"]
[Round "8"]
[White "Hamdouchi, Adina Maria"]
[Black "Thuret, Marine"]
[Result "1-0"]
[WhiteElo "2266"]
[BlackElo "1910"]
[PlyCount "109"]
[EventDate "2011.08.16"]
[EventType "tourn"]
[EventRounds "10"]
[EventCountry "FRA"]
[SourceTitle "CBM 144 Extra"]
[Source "ChessBase"]
[SourceDate "2011.10.28"]
[SourceVersion "1"]
[SourceVersionDate "2011.10.28"]
[SourceQuality "1"]

1. Nf3 Nf6 2. g3 g6 3. Bg2 Bg7 4. 0-0 d6 5. d4 0-0 6. Re1 Nbd7 7. e4 e5 8. c3 h6 9. a4 Re8 10. Qc2 c6 11. Nbd2 d5 12. exd5 Nxd5 13. dxe5 Nxe5 14. Nxe5 Rxe5 15. Rxe5 Bxe5 16. Nc4 Bg7 17. Ne3 Be6 18. a5 a6 19. h4 Qd7 20. Qe2 Re8 21. Bd2 Bh3 22. Bf3 Be6 23. Re1 Rd8 24. Ng4 Bxg4 25. Bxg4 Qc7 26. h5 g5 27. c4 Nf6 28. Bf5 Qd6 29. Bc3 Re8 30. Qf3 Rxe1+ 31. Bxe1 Qd4 32. Qe2 Qd8 33. Bc3 Ne8 34. Bb4 Bf8 35. Bc3 Bg7 36. Bb4 Bf8 37. Bh7+ Kxh7 38. Bxf8 Ng7 39. Bb4 f5 40. Bc3 Qc7 41. Qd3 Qf7 42. g4 Kg8 43. Bxg7 Kxg7 44. gxf5 Qxh5 45. Qd4+ Kf8 46. Qd6+ Kg7 47. Qe5+ Kf8 48. Qf6+ Kg8 49. Qd8+ Kh7 50. Qd7+ Kg8 51. Qc8+ Kg7 52. Qxb7+ Qf7 53. Qxf7+ Kxf7 54. b4 Kf6 55. b5 1-0

[Event "FRA-chB (Women)"]
[Site "Caen"]
[Date "2011.08.23"]
[Round "7"]
[White "Thuret, Marine"]
[Black "Schweitzer, Viktoriya"]
[Result "0-1"]
[WhiteElo "1910"]
[BlackElo "2226"]
[PlyCount "118"]
[EventDate "2011.08.16"]
[EventType "tourn"]
[EventRounds "10"]
[EventCountry "FRA"]
[SourceTitle "CBM 144 Extra"]
[Source "ChessBase"]
[SourceDate "2011.10.28"]
[SourceVersion "1"]
[SourceVersionDate "2011.10.28"]
[SourceQuality "1"]

1. b3 e5 2. Bb2 Nc6 3. e3 d5 4. Bb5 Bd6 5. f4 Qh4+ 6. g3 Qe7 7. Nf3 Bg4 8. h3 Bxf3 9. Qxf3 Nf6 10. 0-0 0-0 11. Bxc6 bxc6 12. Nc3 e4 13. Qf2 Ba3 14. Bxa3 Qxa3 15. g4 Qe7 16. Qh4 Rfe8 17. Ne2 c5 18. Kh1 a5 19. Ng3 Nd7 20. g5 Ra6 21. Rg1 Kh8 22. Raf1 g6 23. Qg4 f5 24. gxf6 Rxf6 25. h4 Ref8 26. Rf2 Ne5 27. Qh3 Nf3 28. Rgf1 h5 29. d3 Rc6 30. dxe4 dxe4 31. Nxe4 Nxh4 32. Ng5 Nf5 33. e4 Ng7 34. a4 Ne6 35. Qc3+ Kg8 36. Qc4 Kg7 37. Qc3+ Qf6 38. e5 Qf5 39. Nxe6+ Qxe6 40. Qxa5 Qh3+ 41. Kg1 Qg3+ 42. Kh1 g5 43. Qd2 Qh3+ 44. Kg1 Rxf4 45. Rxf4 gxf4 46. Rf2 f3 47. e6 Rxe6 48. Qd7+ Kf6 49. Qd8+ Kf5 50. Qd5+ Kf4 51. Rxf3+ Qxf3 52. Qxe6 Qd1+ 53. Kf2 Qxc2+ 54. Qe2 Qxe2+ 55. Kxe2 Ke4 56. Kf2 Kd5 57. Kg3 c4 58. a5 cxb3 59. a6 Kc6 0-1

[Event "FRA-chB (Women)"]
[Site "Caen"]
[Date "2011.08.21"]
[Round "6"]
[White "Rigolot, Lucie"]
[Black "Thuret, Marine"]
[Result "0-1"]
[WhiteElo "1946"]
[BlackElo "1910"]
[PlyCount "114"]
[EventDate "2011.08.16"]
[EventType "tourn"]
[EventRounds "10"]
[EventCountry "FRA"]
[SourceTitle "CBM 144 Extra"]
[Source "ChessBase"]
[SourceDate "2011.10.28"]
[SourceVersion "1"]
[SourceVersionDate "2011.10.28"]
[SourceQuality "1"]

1. e4 c5 2. Nf3 d6 3. d4 cxd4 4. Nxd4 Nf6 5. Nc3 g6 6. Be3 Bg7 7. f3 Nc6 8. Qd2 Bd7 9. 0-0-0 Rc8 10. g4 h5 11. g5 Nh7 12. Nxc6 bxc6 13. Bd4 0-0 14. Bxg7 Kxg7 15. f4 Qa5 16. Bc4 Rfd8 17. Ne2 Qc7 18. Rhf1 Bg4 19. h3 Bxe2 20. Qxe2 e6 21. f5 d5 22. fxg6 fxg6 23. exd5 exd5 24. Bd3 Re8 25. Qd2 Qe5 26. Rde1 Qxg5 27. Rg1 Rxe1+ 28. Rxe1 Rc7 29. Re3 d4 30. Re1 Qxd2+ 31. Kxd2 Ng5 32. Rh1 Rf7 33. Ke2 Re7+ 34. Kf2 Re3 35. h4 Nh3+ 36. Kf1 Nf4 37. Bc4 Kf6 38. Kf2 Kf5 39. c3 c5 40. cxd4 cxd4 41. Rd1 Ke4 42. Bb5 Nd3+ 43. Bxd3+ Rxd3 44. Re1+ Re3 45. Rg1 Rf3+ 46. Ke2 d3+ 47. Kd2 Rf2+ 48. Kc3 d2 49. b4 Ke3 50. Rd1 Rh2 51. a4 Rxh4 52. a5 Rd4 53. b5 Ke2 54. Rxd2+ Rxd2 55. b6 axb6 56. axb6 Rd6 57. b7 Rb6 0-1

[Event "FRA-chT2 Top 12 (Women)"]
[Site "France"]
[Date "2009.05.23"]
[Round "1.3"]
[White "Thuret, Marine"]
[Black "Bartolo, Alexia"]
[Result "1-0"]
[WhiteElo "1764"]
[BlackElo "1563"]
[PlyCount "71"]
[EventDate "2009.05.23"]
[EventType "team-swiss"]
[EventRounds "3"]
[EventCountry "FRA"]
[SourceTitle "EXT 2010"]
[Source "ChessBase"]
[SourceDate "2010.11.25"]
[SourceVersion "1"]
[SourceVersionDate "2010.11.25"]
[SourceQuality "1"]

1. Nc3 e5 2. Nf3 Nc6 3. d4 f6 4. e4 Bb4 5. Bc4 Na5 6. Bxg8 Rxg8 7. dxe5 Qe7 8. 0-0 Bxc3 9. bxc3 fxe5 10. Qd5 Rf8 11. Qxa5 d6 12. Qb5+ c6 13. Qd3 a6 14. Bg5 Rxf3 15. Bxe7 Rxd3 16. cxd3 Kxe7 17. Rab1 b5 18. f4 Bg4 19. fxe5 dxe5 20. Rb2 Rd8 21. Rd2 c5 22. h3 Bc8 23. Kf2 Bb7 24. Ke3 b4 25. cxb4 cxb4 26. d4 a5 27. Rf5 exd4+ 28. Rxd4 Ra8 29. h4 Bc8 30. Rg5 g6 31. Rdd5 a4 32. Rb5 Be6 33. Rxb4 Bxa2 34. Rb7+ Kf6 35. Rc5 Bb3 36. Rc6+ 1-0

[Event "FRA-ch U16 Girls"]
[Site "Aix les Bains"]
[Date "2009.04.20"]
[Round "3"]
[White "Thuret, Marine"]
[Black "Le Bail, Arielle"]
[Result "0-1"]
[WhiteElo "1764"]
[BlackElo "1859"]
[PlyCount "98"]
[EventDate "2009.04.19"]
[EventType "swiss"]
[EventRounds "9"]
[EventCountry "FRA"]
[SourceTitle "CBM 130 Extra"]
[Source "ChessBase"]
[SourceDate "2009.07.02"]
[SourceVersion "2"]
[SourceVersionDate "2009.07.15"]
[SourceQuality "1"]

1. e4 e6 2. d4 d5 3. exd5 exd5 4. Nf3 Bg4 5. Qe2+ Qe7 6. Be3 Nf6 7. Nc3 c6 8. h3 Bh5 9. g4 Bg6 10. Ne5 Nbd7 11. f4 Be4 12. Rg1 0-0-0 13. g5 Ne8 14. Nxe4 dxe4 15. 0-0-0 f6 16. Nc4 Nc7 17. Na5 Qb4 18. Nb3 Nd5 19. Bd2 Qe7 20. c4 e3 21. cxd5 exd2+ 22. Qxd2 cxd5 23. Kb1 Kb8 24. Rc1 Nb6 25. Nc5 Qf7 26. Qb4 Bd6 27. Bd3 Rhe8 28. g6 Qf8 29. gxh7 Bxf4 30. Rc2 Re3 31. a4 Bd6 32. Rd1 Qe7 33. a5 Nc4 34. b3 Bxc5 35. dxc5 Ne5 36. Bf5 g6 37. Bg4 Qxh7 38. c6 Qc7 39. a6 Nxc6 40. Qa4 f5 41. Be2 Qb6 42. Kb2 Nb4 43. Rcd2 Re4 44. Bc4 d4 45. axb7 Qxb7 46. Ka3 Nc6 47. Bb5 Ne5 48. Rc1 d3 49. Qa5 Rd5 0-1

[Event "Montpellier op 4th"]
[Site "Montpellier"]
[Date "2009.??.??"]
[Round "2"]
[White "Bernard, Jacques"]
[Black "Thuret, Marine"]
[Result "1-0"]
[WhiteElo "2224"]
[BlackElo "1811"]
[PlyCount "35"]
[EventDate "2009.12.26"]
[EventType "swiss"]
[EventRounds "9"]
[EventCountry "FRA"]
[SourceTitle "CBM 134 Extra"]
[Source "ChessBase"]
[SourceDate "2010.03.03"]
[SourceVersion "1"]
[SourceVersionDate "2010.03.03"]
[SourceQuality "1"]

1. e4 c5 2. Nf3 d6 3. d4 cxd4 4. Nxd4 Nf6 5. Nc3 a6 6. Bg5 Nbd7 7. f4 e6 8. Qd3 b5 9. 0-0-0 Bb7 10. e5 dxe5 11. fxe5 Nxe5 12. Qg3 Qc7 13. Ndxb5 Qc5 14. Be3 Qc8 15. Qxe5 axb5 16. Nxb5 Be7 17. Nc7+ Kf8 18. Nxa8 1-0

[Event "FRA-ch U16 Girls"]
[Site "La Roche sur Yon"]
[Date "2008.04.21"]
[Round "3"]
[White "Thuret, Marine"]
[Black "Jeannerot, Lea"]
[Result "0-1"]
[WhiteElo "1765"]
[BlackElo "1946"]
[PlyCount "115"]
[EventDate "2008.04.21"]
[EventType "swiss"]
[EventRounds "9"]
[EventCountry "FRA"]
[SourceTitle "EXT 2010"]
[Source "ChessBase"]
[SourceDate "2010.11.25"]
[SourceVersion "1"]
[SourceVersionDate "2010.11.25"]
[SourceQuality "1"]

1. e4 e5 2. Nc3 Bc5 3. g3 Nc6 4. Bg2 d6 5. Na4 Bb6 6. Nxb6 axb6 7. d3 Nf6 8. Ne2 Bg4 9. c3 Qd7 10. Be3 Bh3 11. 0-0 h5 12. Kh1 Bxg2+ 13. Kxg2 h4 14. Rh1 h3+ 15. Kf1 Qe6 16. b3 Ng4 17. Qd2 d5 18. f3 Qf6 19. Ng1 Nxe3+ 20. Qxe3 d4 21. Qd2 dxc3 22. Qxc3 Rc8 23. f4 Nd4 24. Ke1 exf4 25. Ne2 Nf3+ 26. Kd1 Qxc3 27. Nxc3 fxg3 28. hxg3 Rd8 29. Ke2 Nd4+ 30. Kd2 Rd6 31. Ne2 Ne6 32. Ke3 c5 33. Nf4 Nxf4 34. gxf4 Rg6 35. Rag1 Rxg1 36. Rxg1 h2 37. Rh1 Rh3+ 38. Ke2 f6 39. Kf2 Ke7 40. Kg2 Rxd3 41. Rxh2 Re3 42. Rh8 Rxe4 43. Rb8 Rxf4 44. Rxb7+ Kd6 45. Rxg7 Rd4 46. Ra7 Ke5 47. Rb7 Rb4 48. Kf3 Ke6 49. Ke3 f5 50. Kf3 Ke5 51. Rf7 Rf4+ 52. Ke3 Rb4 53. Kf3 f4 54. Rf8 Kd5 55. Rf5+ Kc6 56. Rxf4 Rxf4+ 57. Kxf4 Kb5 58. Ke4 0-1

[Event "FRA-ch U14 Girls"]
[Site "Le Grand Bornand"]
[Date "2007.04.??"]
[Round "5"]
[White "Lefevre, Margaux"]
[Black "Thuret, Marine"]
[Result "0-1"]
[WhiteElo "1855"]
[BlackElo "1580"]
[PlyCount "50"]
[EventDate "2007.04.07"]
[EventType "swiss"]
[EventRounds "9"]
[EventCountry "FRA"]
[SourceTitle "CBM 118 Extra"]
[Source "ChessBase"]
[SourceDate "2007.07.04"]
[SourceVersion "1"]
[SourceVersionDate "2007.07.04"]
[SourceQuality "1"]

1. e4 c5 2. Nf3 d6 3. d4 cxd4 4. Nxd4 Nf6 5. Nc3 g6 6. Be3 Bg7 7. f3 Nc6 8. Qd2 0-0 9. Bc4 Na5 10. Be2 Bd7 11. 0-0-0 Rc8 12. Kb1 Nc4 13. Bxc4 Rxc4 14. g4 a6 15. h4 h5 16. gxh5 Nxh5 17. Nde2 b5 18. Nd5 Re8 19. Bg5 Rc6 20. Nb4 Rc4 21. Nxa6 Be6 22. Nb4 Qa8 23. Nd5 Rc7 24. Be3 Qa6 25. b3 Qxa2+ 0-1

[Event "FRA-ch U14 Girls"]
[Site "Le Grand Bornand"]
[Date "2007.04.??"]
[Round "2"]
[White "Thuret, Marine"]
[Black "Berthelot, Maeva"]
[Result "1-0"]
[WhiteElo "1580"]
[BlackElo "1782"]
[PlyCount "97"]
[EventDate "2007.04.07"]
[EventType "swiss"]
[EventRounds "9"]
[EventCountry "FRA"]
[SourceTitle "CBM 118 Extra"]
[Source "ChessBase"]
[SourceDate "2007.07.04"]
[SourceVersion "1"]
[SourceVersionDate "2007.07.04"]
[SourceQuality "1"]

1. e4 d5 2. exd5 Qxd5 3. Nc3 Qd6 4. Bc4 Nf6 5. d3 Be6 6. Bxe6 Qxe6+ 7. Qe2 Qd6 8. Nf3 e6 9. Bd2 Be7 10. 0-0-0 c6 11. Ne5 Nd5 12. Rhf1 Bf6 13. f4 Nd7 14. Nc4 Qe7 15. Ne4 0-0 16. Qh5 Nc5 17. g4 g6 18. Nxf6+ Qxf6 19. Qh3 b5 20. Ne5 Na4 21. Qg3 Ndb6 22. h4 Rac8 23. b3 Nc5 24. Bb4 Qe7 25. Bc3 Ncd7 26. f5 a5 27. Nxd7 Nxd7 28. f6 Qc5 29. d4 Qa3+ 30. Bb2 Qxa2 31. Qf4 Kh8 32. h5 a4 33. hxg6 fxg6 34. f7 a3 35. Bc3 b4 36. Bxb4 Qb2+ 37. Kd2 e5 38. Qe4 Qxd4+ 39. Qxd4 exd4 40. Bxf8 Nxf8 41. Ra1 Ra8 42. Kd3 c5 43. Kc4 Nd7 44. Rfe1 Kg7 45. Re8 Ra5 46. Re7 Nf6 47. g5 Ng4 48. Rf1 Ne3+ 49. Rxe3 1-0